Estadísticas para Países que formaban parte de la Unión Soviética

Haz click aquí para intentar la prueba.

Estadísticas generales

  • Esta prueba ha sido intentada 9.267 veces
    (9.265 desde el último reinicio)
  • La puntuación promedio es 13 de 15

Estadísticas de respuestas

País% Correcto
Ucrania
96%
Bielorrusia
93%
Estonia
91%
Letonia
91%
Lituania
91%
Rusia
91%
Kazajistán
85%
Azerbaiyán
82%
Georgia
82%
Armenia
81%
Uzbekistán
81%
Turkmenistán
78%
Kirguistán
77%
Tayikistán
76%
Moldavia
75%

Distribución de puntuación

Porcentaje por número respondido

Porcentaje de gente con cada puntuación

Historial de tus puntuaciones

No has intentado esta prueba desde el último reinicio